1843 1309 1228 1642 1734 1445 1797 1935 1475 1534 1059 1886 1411 1009 1943 1715 1220 1331 1109 1687 1563 1734 1349 1821 1918 1454 1754 1563 1893 1581 1743 1621 1320 1411 1926 1273 1229 1849 1675 1403 1024 1570 1195 1945 1705 1924 1820 1410 1496 1569 1919 1912 1850 1727 1429 1117 1987 1232 1820 1270 1701 1972 1739 1661 1202 1657 1072 1269 1328 1447 1126 1210 1252 1295 1619 1597 1761 1841 1950 1734 1731 1273 1960 1726 1539 1045 1738 1779 1699 1061 1640 1638 1226 1900 1980 1328 1024 1515 1144 BCNSPRNW ULIB Ver.6.0+V

เปลี่ยนเป็นภาษาไทย

Change to English
 แสดงรายละเอียดบรรณานุกรม
  กลับหน้าหลัก

Brief Record : Get Marc (ISO 2709) : E-mail record : QR code < ปิดหน้าต่าง
LEADER : 00000nam 2200000uu 4500
001    13399122511
003     ULIB
008    130711s2551||||th 000 0 tha d
020    ^a9744654147(ล.1)
060 04 ^aWY150^bว485น ล.1
100 0  ^aวารุณี มีเจริญ
245 10 ^aแนวทางการวางแผนการพยาบาลผู้ป่วยทางอายุรกรรม^nเล่ม 1 =^bPlanning guides for medical nursing I /^cวารุณี มีเจริญ
246 31 ^aPlanning guides for medical nursing I
250    ^aพิมพ์ครั้งที่ 4
260    ^aสระบุรี :^bโครงการตำราวิทยาลัยพยาบาลบรมราชชนนี สระบุรีสถาบันพระบรมราชชนก สำนักงานปลัดกระทรวง กระทรวงสาธารณสุข,^c2551
300    ^a208 หน้า ;^c27 ซม.
650  7 ^aการพยาบาลอายุรศาสตร์
650  7 ^aผู้ป่วย
650  7 ^aอายุรศาสตร์
710 2  ^aวิทยาลัยพยาบาลบรมราชชนนี สระบุรี
710 2  ^aกระทรวงสาธารณสุข. ^bสำนักงานปลัดกระทรวง.^bสถาบันพระบรมราชชนก
945    ^p210^l0^i15067
945    ^p0^l0^i14220
999    ^aเกษร โพธิ์สุวรรณ
รายการนี้ยังไม่มีแท็ก
คุณยังไม่ได้ล็อกอิน คุณสามารถมีกิจกรรมร่วมกับเว็บไซต์ได้ แต่ต้องล็อกอินก่อน ::
  ล็อกอิน

รายการสื่อสารสนเทศ

ลำดับที่ ประเภท เลขเรียก/บาร์โค้ด สถานที่ สถานะ
1. Book การพยาบาล
Book การพยาบาล
สถานะ=หนังสือเก่า
WY150 ว485น ล.1 ฉ.2 
  Barcode: 14220
ห้องสมุดวิทยาเขตสวรรค์ประชารักษ์
►ส่วนจัดเก็บหนังสือเก่า สปร
บนชั้น
  ขอยืม

รายการใกล้เคียง
    ผู้แต่ง [วารุณี มีเจริญ]

    หัวเรื่อง [การพยาบาลอายุรศาสตร์]
    หัวเรื่อง [ผู้ป่วย]
    หัวเรื่อง [อายุรศาสตร์]

BibComment


ยังไม่เคยถูกคอมเมนท์

คอมเมนท์ทรัพยากรรายการนี้
  คอมเมนท์: แนวทางการวางแผนก..


 Copyright 2026. Bcnsprnw @Library